000 00619nam a2200193Ia 4500
003 GCL
005 20240530104358.0
008 140319s9999 xx 000 0 ara d
040 _aGCL /
_cGCL
082 0 4 _a956.04
_bح ف
100 1 _aحسن بن طلال
245 1 0 _aالفلسطينيون من الاقتلاع الى المقاومة /
_cحسن بن طلال
300 _a184 ص.
490 _aكتاب العربى
_v0
650 0 4 _aفلسطين
650 0 4 _aالفلسطينيون
650 0 4 _aفلسطين - تاريخ - العصر الحديث - الاحتلال الصهيونى
942 _2ddc
_cBK
999 _c47048
_d47048